Konzistentnosť komunikácie bánk na Slovensku
Výsledky pozorovania konzistentnej komunikácie 10 slovenských bánk dominantných na slovenskom trhu. Sledovaných bolo päť indikátorov konzistentnosti - logo banky a jeho farebnosť, slogan, deklarovanie príslušnosti ku skupine, televízna reklama (nálada, korporátny hlas, využitie a stálosť korporátnyc...
Gespeichert in:
| 1. Verfasser: | |
|---|---|
| Format: | Buchkapitel |
| Sprache: | Slowakisch |
| Schlagworte: | |
| Tags: |
Keine Tags, Fügen Sie das erste Tag hinzu!
|
MARC
| LEADER | 00000nla$a2200000$$$4500 | ||
|---|---|---|---|
| 001 | 0143371 | ||
| 005 | 20240502072554.9 | ||
| 041 | 0 | |a slo | |
| 044 | |a SK | ||
| 245 | 1 | 0 | |a Konzistentnosť komunikácie bánk na Slovensku |c Marína Smolková |
| 520 | |a Výsledky pozorovania konzistentnej komunikácie 10 slovenských bánk dominantných na slovenskom trhu. Sledovaných bolo päť indikátorov konzistentnosti - logo banky a jeho farebnosť, slogan, deklarovanie príslušnosti ku skupine, televízna reklama (nálada, korporátny hlas, využitie a stálosť korporátnych prvkov, spôsob spracovania) a printová reklama (nálada, využitie a stálosť korporátnych prvkov, spôsob spracovania). Poznatky z pozorovania sú zhrnuté v tabuľke. | ||
| 610 | 2 | 0 | |a banky |
| 610 | 2 | 0 | |a Slovensko |
| 610 | 2 | 0 | |a komunikácia |
| 610 | 2 | 0 | |a komunikácia marketingová |
| 610 | 2 | 0 | |a logo |
| 610 | 2 | 0 | |a reklama inštitucionálna |
| 100 | 1 | |a Smolková, Marína | |